Report on the projects of IIITMK and its benefits (Record no. 2693)

MARC details
000 -LEADER
fixed length control field 00385nam a2200133Ia 4500
008 - FIXED-LENGTH DATA ELEMENTS--GENERAL INFORMATION
fixed length control field 130320s9999 xx 000 0 und d
100 ## - MAIN ENTRY--PERSONAL NAME
Personal name Nikhil Isaac George
245 ## - TITLE STATEMENT
Title Report on the projects of IIITMK and its benefits
502 ## - DISSERTATION NOTE
Degree type Industrial training
Year degree granted EXT
-- Srivathsan K.R
650 ## - SUBJECT ADDED ENTRY--TOPICAL TERM
Topical term or geographic name entry element IIITMK PROJECTS
700 ## - ADDED ENTRY--PERSONAL NAME
Personal name Eldho John
700 ## - ADDED ENTRY--PERSONAL NAME
Personal name Jose Johny
700 ## - ADDED ENTRY--PERSONAL NAME
Personal name Siddharth Shelly
Holdings
Withdrawn status Lost status Damaged status Not for loan Home library Current library Date acquired Total Checkouts Barcode Date last seen Price effective from Koha item type
        IIITM-K Kerala University of Digital Sciences, Innovation and Technology Knowledge Centre 20/03/2013   R-105 20/03/2013 20/03/2013 Project Reports